Pensamiento y lenguaje

I tiakina i:
Ngā taipitopito rārangi puna kōrero
Kaituhi matua: Greene, Judith (Author)
Hōputu: Pukapuka
Reo:Pāniora
I whakaputaina: Ciudad de México Continental 1979
Rangatū:Psicología básica
Ngā marau:
Ngā Tūtohu: Tāpirihia he Tūtohu
Kāore He Tūtohu, Me noho koe te mea tuatahi ki te tūtohu i tēnei pūkete!

MARC

LEADER 00000nam a2200000 a 4500
001 UCY6374
003 CL-VaPUC
008 950526e19790000MX |||||||||||||||||spa|d
082 0 4 |a 153.42  |b GRE  |2 21 
100 |a Greene, Judith  |e author  |9 523531 
245 1 0 |a Pensamiento y lenguaje 
300 |a 181 p 
942 |c BK 
945 |d 19950526 00:00:00  |a mfernand 
260 |a Ciudad de México  |b Continental  |c 1979 
650 0 |a Pensamiento  |9 307612 
650 0 |a Lingüística  |9 265068 
650 0 |a Desarrollo del lenguaje   |9 311270 
650 0 |a Memoria  |9 266549 
650 0 |a Inteligencia  |9 267038 
650 0 |a Creatividad   |9 310816 
650 0 |a Cognición   |9 270347 
650 7 |a SOLUCION DE PROBLEMAS  |2 CL-VaPUC  |9 270958 
650 0 |a Comunicación   |9 257251 
650 0 |a Psicolingüística   |9 283371 
650 0 |a Psicología aplicada   |9 270762 
583 |a last modification  |c 19950526 00:00:00  |k Rodrigo Vera 
490 0 |a Psicología básica 
999 |c 233940  |d 233938 
952 |0 0  |1 0  |4 0  |6 153_420000000000000_GRE_1979  |7 0  |8 P  |9 239789  |a BIBEDU  |b BIBEDU  |c BIBEDU_PB  |d 2019-11-18  |i 1511297  |o 153.42 GRE 1979  |p 1511297  |r 2024-01-25  |w 2019-11-18  |y BK  |k EDU 
952 |0 0  |1 0  |4 0  |6 153_420000000000000_GRE_1979  |7 0  |8 P  |9 239790  |a BIBEDU  |b BIBEDU  |c BIBEDU_PB  |d 2019-11-18  |i 1511300  |o 153.42 GRE 1979  |p 1511300  |r 2024-01-25  |w 2019-11-18  |y BK  |k EDU 
952 |0 0  |1 0  |4 0  |6 153_420000000000000_GRE_1979  |7 0  |8 A  |9 239791  |a BIBMAT  |b BIBMAT  |c E_DIDACT  |d 2019-11-18  |i 1491342  |o 153.42 GRE 1979  |p 1491342  |r 2025-01-07  |w 2019-11-18  |y BK  |k MAT 
952 |0 0  |1 0  |4 0  |6 153_420000000000000_GRE_1979  |7 0  |8 A  |9 239792  |a FDOPOS  |b FDOPOS  |d 2019-11-18  |i 3690679  |o 153.42 GRE 1979  |p 3690679  |r 2025-01-22  |w 2019-11-18  |y BK  |k MLA